[Event "M.Chigorin Memorial 2013"]
[Site "St. Petersburg"]
[Date "2013.10.06"]
[Round "2.1"]
[White "Eljanov, Pavel"]
[Black "Ponomarev, Dmitry"]
[Result "1-0"]
[WhiteElo "2729"]
[BlackElo "2395"]
[PlyCount "134"]
[EventDate "2013.10.05"]
[EventCountry "RUS"]

1. e4 c6 2. d4 d5 3. e5 Bf5 4. Nf3 e6 5. Be2 Bb4+ 6. c3 Ba5 7. Qb3 Qb6 8. Qa3
Qc7 9. Nbd2 h6 10. O-O Ne7 11. c4 a6 12. b4 Bb6 13. c5 Ba7 14. Nh4 Bh7 15. Bd3
g5 16. Bxh7 Rxh7 17. Qd3 Rg7 18. Nhf3 Nd7 19. Re1 Nf5 20. Nf1 a5 21. a3 Bb8 22.
Rb1 axb4 23. axb4 b5 24. Ng3 Nxg3 25. hxg3 Ra2 26. Bb2 Qa7 27. Ra1 Rxa1 28.
Rxa1 Qb7 29. Qa3 Kd8 30. g4 Rg8 31. g3 Bc7 32. Kg2 Kc8 33. Qd3 Nf8 34. Nd2 Bd8
35. Rh1 Rg6 36. Nf1 f6 37. Ne3 Qh7 38. Ra1 Kb8 39. Qa3 Qb7 40. Nc2 Rg7 41. Rh1
Rg6 42. Ne1 Qa7 43. Qb3 Qh7 44. Qd3 Rg7 45. Qxh7 Rxh7 46. f4 f5 47. gxf5 exf5
48. g4 Ng6 49. gxf5 Nxf4+ 50. Kf3 Rf7 51. Rxh6 Rxf5 52. Kg4 Rf8 53. Rxc6 Ne2
54. Nd3 Rf1 55. Rd6 Kc8 56. e6 Rd1 57. Ne5 Nxd4 58. Bxd4 Rxd4+ 59. Kf5 Rf4+ 60.
Kg6 g4 61. Nc6 g3 62. Rxd8+ Kc7 63. e7 g2 64. Rc8+ Kxc8 65. e8=Q+ Kc7 66. Qe7+
Kxc6 67. Qd6+ Kb7 1-0

[Event "M.Chigorin Memorial 2013"]
[Site "St. Petersburg"]
[Date "2013.10.06"]
[Round "2.2"]
[White "Baghdasaryan, Vahe"]
[Black "Areshchenko, Alexander"]
[Result "0-1"]
[WhiteElo "2395"]
[BlackElo "2714"]
[PlyCount "92"]
[EventDate "2013.10.05"]
[EventCountry "RUS"]

1. e4 e5 2. Bc4 Nf6 3. d3 Nc6 4. Nf3 Be7 5. O-O O-O 6. c3 d6 7. Bb3 Na5 8. Bc2
c5 9. b4 cxb4 10. cxb4 Nc6 11. b5 Nb8 12. d4 Bg4 13. Bb2 Nbd7 14. Nbd2 Rc8 15.
h3 Bh5 16. Rc1 exd4 17. g4 d3 18. Bxd3 Rxc1 19. Qxc1 Nc5 20. Bb1 Bg6 21. Re1
Ne6 22. Nf1 d5 23. Bxf6 Bxf6 24. Rd1 Qb8 25. exd5 Nf4 26. Ng3 Rc8 27. Qd2 Rc3
28. Ne1 Nxh3+ 29. Kg2 Nf4+ 30. Kf1 Rc5 31. Bxg6 hxg6 32. d6 Rd5 33. Qxd5 Nxd5
34. Rxd5 Qc8 35. d7 Qc4+ 36. Rd3 Bd8 37. f3 Qxb5 38. Ne4 f5 39. Nc3 Qc4 40.
gxf5 gxf5 41. Ke2 b5 42. Ng2 b4 43. Ne3 Qa6 44. Ncd5 Qxa2+ 45. Rd2 Qa6+ 46. Kd1
b3 0-1

[Event "M.Chigorin Memorial 2013"]
[Site "St. Petersburg"]
[Date "2013.10.06"]
[Round "2.3"]
[White "Nakar, Eylon"]
[Black "Akopian, Vladimir"]
[Result "0-1"]
[WhiteElo "2390"]
[BlackElo "2684"]
[PlyCount "76"]
[EventDate "2013.10.05"]
[EventCountry "RUS"]

1. e4 c5 2. Nf3 e6 3. d4 cxd4 4. Nxd4 a6 5. c4 Nf6 6. Nc3 Qc7 7. a3 b6 8. Be3
Bb7 9. f3 Be7 10. Be2 O-O 11. Na4 d6 12. O-O Nbd7 13. Rc1 Rfe8 14. b4 Rac8 15.
Qd2 Qb8 16. Kh1 Bf8 17. Rfd1 d5 18. cxd5 exd5 19. Bf4 Qa8 20. Rxc8 Bxc8 21.
exd5 Nxd5 22. Bc4 b5 23. Bxd5 Qxd5 24. Nc3 Qh5 25. Re1 Rxe1+ 26. Qxe1 Qg6 27.
Ne4 Nb6 28. Nc5 Nc4 29. h3 Qf6 30. Qe4 Nxa3 31. Be5 Qe7 32. Nc6 Qe8 33. Na5 h6
34. Qa8 Kh7 35. Bg3 Nc2 36. Nxa6 Qe2 37. Nc5 Ne3 38. f4 Qd1+ 0-1

[Event "M.Chigorin Memorial 2013"]
[Site "St. Petersburg"]
[Date "2013.10.06"]
[Round "2.4"]
[White "Zhigalko, Sergei"]
[Black "Nezad, Husein Aziz"]
[Result "1-0"]
[WhiteElo "2683"]
[BlackElo "2388"]
[PlyCount "33"]
[EventDate "2013.10.05"]
[EventCountry "RUS"]

1. e4 e5 2. Nf3 Nc6 3. Bb5 a6 4. Ba4 Nf6 5. O-O b5 6. Bb3 Bc5 7. Nc3 d6 8. Nd5
O-O 9. d4 exd4 10. Bg5 Re8 11. Nxf6+ gxf6 12. Bd5 Bd7 13. Bh4 Rb8 14. Qd2 Kg7
15. Rad1 Ne5 16. Nxe5 Rxe5 17. Qf4 1-0

[Event "M.Chigorin Memorial 2013"]
[Site "St. Petersburg"]
[Date "2013.10.06"]
[Round "2.5"]
[White "Zaitsev, Alexander"]
[Black "Matlakov, Maxim"]
[Result "0-1"]
[WhiteElo "2386"]
[BlackElo "2682"]
[PlyCount "120"]
[EventDate "2013.10.05"]
[EventCountry "RUS"]

1. e4 c5 2. Nf3 Nc6 3. Bb5 e6 4. O-O Nge7 5. Re1 Nd4 6. Nxd4 cxd4 7. d3 a6 8.
Ba4 b5 9. Bb3 Nc6 10. Nd2 Bb7 11. Qh5 Qf6 12. a4 Qg6 13. Qxg6 hxg6 14. axb5
axb5 15. Rxa8+ Bxa8 16. Nf3 Bc5 17. Bd2 f6 18. c3 Kf7 19. Rc1 Bb6 20. cxd4 Nxd4
21. Nxd4 Bxd4 22. Bc3 Bb6 23. Bd2 f5 24. exf5 gxf5 25. Be3 Bxe3 26. fxe3 Rh4
27. Bd1 Rb4 28. Rc2 Bd5 29. Bf3 Bb3 30. Rd2 Ra4 31. Kf2 Ra1 32. g3 Rc1 33. e4
g6 34. Ke3 Kf6 35. d4 b4 36. e5+ Ke7 37. d5 Bxd5 38. Bxd5 exd5 39. Rxd5 Rc2 40.
b3 Rxh2 41. Rd6 g5 42. Rg6 g4 43. Rb6 Rg2 44. Kf4 Rf2+ 45. Kg5 Rf3 46. Kg6 f4
47. gxf4 g3 48. Kf5 Rxb3 49. Ke4 g2 50. Rg6 Rb2 51. Kd3 Rf2 52. Kc4 Kf7 53. Rg5
Rxf4+ 54. Kb3 Ke6 55. Ka4 Rf2 56. Kxb4 Kd5 57. Kc3 Ke4 58. Kc4 Kf3 59. Kc5 Kf4
60. Rg8 Kxe5 0-1

[Event "M.Chigorin Memorial 2013"]
[Site "St. Petersburg"]
[Date "2013.10.06"]
[Round "2.6"]
[White "Zvjaginsev, Vadim"]
[Black "Pasiev, Rakhim"]
[Result "1/2-1/2"]
[WhiteElo "2659"]
[BlackElo "2385"]
[PlyCount "180"]
[EventDate "2013.10.05"]
[EventCountry "RUS"]

1. e4 c5 2. Nf3 Nc6 3. c3 d5 4. exd5 Qxd5 5. d4 e5 6. Nxe5 Nxe5 7. dxe5 Qxe5+
8. Qe2 Bd6 9. Nd2 Nf6 10. Nc4 Qxe2+ 11. Bxe2 Bc7 12. Be3 b6 13. Bf3 Rb8 14.
O-O-O O-O 15. Nd6 Bxd6 16. Rxd6 Bb7 17. Rg1 Rfe8 18. Bd1 Ne4 19. Rd7 Nf6 20.
Rd6 Ne4 21. Rd3 Bc6 22. Bc2 Bb5 23. Rdd1 Bc6 24. Rge1 Nf6 25. Bf4 Rbc8 26. Bf5
Ra8 27. f3 Bd5 28. b3 Be6 29. Bc2 Nd5 30. Bd2 b5 31. Be4 Rac8 32. Bxd5 Bxd5 33.
Rxe8+ Rxe8 34. Be3 Bc6 35. Bxc5 a6 36. Rd6 Re6 37. Rd8+ Re8 38. Rd4 h6 39. Kd2
Re6 40. Bd6 g5 41. c4 f5 42. Bb4 Kf7 43. Kd3 h5 44. h4 g4 45. fxg4 fxg4 46. g3
Rf6 47. Bd6 Rf2 48. Bf4 bxc4+ 49. bxc4 Rxa2 50. Rd6 Be8 51. c5 Bb5+ 52. Ke4 Rc2
53. Kd5 a5 54. Rh6 a4 55. Rxh5 a3 56. Rh7+ Kg6 57. Ra7 a2 58. Be5 Be2 59. Kd4
Bf3 60. Kd3 Rxc5 61. Bd4 Rd5 62. Rxa2 Rd7 63. Ra6+ Kh7 64. Re6 Rd5 65. Ke3 Rf5
66. Re7+ Kg6 67. Be5 Bd1 68. Kd4 Bf3 69. Kc5 Rf8 70. Bf4 Rc8+ 71. Kd4 Rc6 72.
Re5 Rd6+ 73. Kc5 Rd7 74. h5+ Kh7 75. Kc4 Bd1 76. Re6 Bf3 77. Bd6 Rf7 78. Bf4
Rf5 79. Re7+ Kg8 80. h6 Rf7 81. Re8+ Kh7 82. Kd4 Bd1 83. Ke5 Bc2 84. Rc8 Bg6
85. Rb8 Bh5 86. Ke6 Bg6 87. Rb5 Bd3 88. Rc5 Rb7 89. Kf6 Rb6+ 90. Kg5 Rb5
1/2-1/2

[Event "M.Chigorin Memorial 2013"]
[Site "St. Petersburg"]
[Date "2013.10.06"]
[Round "2.7"]
[White "Akkozov, Berik"]
[Black "Khismatullin, Denis"]
[Result "0-1"]
[WhiteElo "2384"]
[BlackElo "2656"]
[PlyCount "68"]
[EventDate "2013.10.05"]
[EventCountry "RUS"]

1. d4 Nf6 2. c4 e6 3. Nf3 b6 4. Nc3 Bb4 5. Bg5 h6 6. Bh4 g5 7. Bg3 Ne4 8. Qc2
Bb7 9. e3 d6 10. Qa4+ Nc6 11. Rc1 Qd7 12. Nd2 Bxc3 13. bxc3 Nxd2 14. Kxd2 Na5
15. Qxd7+ Kxd7 16. c5 bxc5 17. dxc5 Rab8 18. cxd6 cxd6 19. Be2 Bxg2 20. Rhd1 e5
21. e4 Rb2+ 22. Ke3 Kc6 23. a4 Rhb8 24. Bb5+ Kc7 25. Bxe5 dxe5 26. Rd7+ Kb6 27.
Rd6+ Kb7 28. Rxh6 g4 29. Rd1 Rxb5 30. axb5 Nc4+ 31. Ke2 Bf3+ 32. Ke1 Bxd1 33.
Kxd1 Rd8+ 34. Ke1 Rd6 0-1

[Event "M.Chigorin Memorial 2013"]
[Site "St. Petersburg"]
[Date "2013.10.06"]
[Round "2.8"]
[White "Romanov, Evgeny"]
[Black "Solovjov, Sergey I"]
[Result "1-0"]
[WhiteElo "2654"]
[BlackElo "2381"]
[PlyCount "103"]
[EventDate "2013.10.05"]
[EventCountry "RUS"]

1. e4 c5 2. Nf3 d6 3. d4 cxd4 4. Qxd4 a6 5. h3 Nc6 6. Qe3 g6 7. c4 Bg7 8. Be2
Nf6 9. O-O O-O 10. Rd1 Qa5 11. Nc3 Nb4 12. Rb1 b5 13. a3 Nc6 14. b4 Qc7 15.
cxb5 axb5 16. Nxb5 Qb8 17. Bb2 Bb7 18. Nc3 e6 19. b5 Na5 20. b6 d5 21. exd5
exd5 22. Nb5 Re8 23. Be5 Ng4 24. hxg4 Bxe5 25. Nxe5 Rxe5 26. Qd2 Nc4 27. Bxc4
dxc4 28. Nd6 Rxa3 29. Nxb7 Rd3 30. Qc2 Rxd1+ 31. Qxd1 Qxb7 32. Qd8+ Kg7 33. Qd4
f6 34. Qxc4 Re4 35. Qc5 Rxg4 36. g3 Rg5 37. Qc3 Rd5 38. Qf3 Rd7 39. Qg4 Rd6 40.
Qb4 Rd7 41. Re1 h5 42. Qc5 Kf7 43. Ra1 h4 44. Qc4+ Qd5 45. Qxd5+ Rxd5 46. Rb1
Rd8 47. b7 Rb8 48. gxh4 Ke6 49. Kg2 Kd7 50. Kg3 Kc6 51. Kg4 Kc7 52. f4 1-0

[Event "M.Chigorin Memorial 2013"]
[Site "St. Petersburg"]
[Date "2013.10.06"]
[Round "2.9"]
[White "Vavulin, Maksim"]
[Black "Khairullin, Ildar"]
[Result "1/2-1/2"]
[WhiteElo "2377"]
[BlackElo "2651"]
[PlyCount "68"]
[EventDate "2013.10.05"]
[EventCountry "RUS"]

1. e4 e5 2. Nf3 Nc6 3. Bb5 Nd4 4. Nxd4 exd4 5. Bc4 Nf6 6. O-O Nxe4 7. Re1 d5 8.
Bb5+ c6 9. d3 cxb5 10. dxe4 dxe4 11. Rxe4+ Be6 12. Rxd4 Qb6 13. Be3 Bc5 14. Rd3
Bxe3 15. Rxe3 b4 16. a3 O-O 17. axb4 Qxb4 18. Qc1 Rfd8 19. Nc3 a6 20. Ra4 Qd6
21. Rd3 Qc5 22. Qd2 Rxd3 23. Qxd3 Bf5 24. Qd2 Re8 25. h3 h6 26. Rd4 Qb6 27. Rd5
Be6 28. Na4 Qc6 29. Rd4 Bf5 30. Nc3 Qb6 31. Rd5 Be6 32. Na4 Qc6 33. Rd4 Bf5 34.
Nc3 Qb6 1/2-1/2

[Event "M.Chigorin Memorial 2013"]
[Site "St. Petersburg"]
[Date "2013.10.06"]
[Round "2.10"]
[White "Kovalenko, Igor"]
[Black "Ovod, Evgenija"]
[Result "1-0"]
[WhiteElo "2644"]
[BlackElo "2373"]
[PlyCount "115"]
[EventDate "2013.10.05"]
[EventCountry "RUS"]

1. Nf3 d5 2. c4 c6 3. e3 Nf6 4. Nc3 e6 5. b3 Nbd7 6. Bb2 Bd6 7. Qc2 a6 8. d4
O-O 9. Be2 e5 10. O-O-O exd4 11. Nxd4 dxc4 12. Nf5 cxb3 13. axb3 Bb4 14. Na2 a5
15. g4 Ne8 16. Nxb4 axb4 17. Rd2 Qc7 18. Ne7+ Kh8 19. Rhd1 Ne5 20. Nxc8 Rxc8
21. f4 Ng6 22. f5 Nh4 23. Qc5 Kg8 24. Rd7 Qxh2 25. Bc4 Nf6 26. Bxf7+ Kh8 27.
Bxf6 gxf6 28. Qe7 Qe5 29. Qxe5 fxe5 30. Rh1 Nf3 31. Bc4 Ng5 32. Rh5 b5 33. Rxg5
bxc4 34. Rh5 Kg8 35. Rhxh7 Rf6 36. bxc4 c5 37. Kc2 e4 38. Rdg7+ Kf8 39. Rh8+
Kxg7 40. Rxc8 Rd6 41. g5 b3+ 42. Kxb3 Rd3+ 43. Kc2 Rxe3 44. Rc7+ Kf8 45. Rxc5
Rg3 46. f6 Rg2+ 47. Kc3 e3 48. Re5 e2 49. Kd2 Kf7 50. c5 Kg6 51. Ke1 Rh2 52.
Rxe2 Rh1+ 53. Kd2 Kxg5 54. Rf2 Rh8 55. f7 Rf8 56. c6 Kg6 57. c7 Kg7 58. Kd3 1-0

[Event "M.Chigorin Memorial 2013"]
[Site "St. Petersburg"]
[Date "2013.10.06"]
[Round "2.11"]
[White "Ben Artzi, Ido"]
[Black "Sjugirov, Sanan"]
[Result "0-1"]
[WhiteElo "2370"]
[BlackElo "2635"]
[PlyCount "48"]
[EventDate "2013.10.05"]
[EventCountry "RUS"]

1. c4 Nf6 2. Nc3 e5 3. g3 Bb4 4. Bg2 O-O 5. Qc2 Re8 6. Nd5 Nxd5 7. Bxd5 c6 8.
Bg2 d5 9. Qb3 Qe7 10. cxd5 cxd5 11. Bxd5 e4 12. a3 Ba5 13. f3 exf3 14. Qxf3 Nc6
15. b4 Nd4 16. Qd3 Bb6 17. e4 Bf5 18. Kf1 Rad8 19. exf5 Rxd5 20. Bb2 Rxf5+ 21.
Kg2 Qe6 22. Bxd4 Qd5+ 23. Nf3 Rxf3 24. Qxf3 Re2+ 0-1

[Event "M.Chigorin Memorial 2013"]
[Site "St. Petersburg"]
[Date "2013.10.06"]
[Round "2.12"]
[White "Demchenko, Anton"]
[Black "Svetlov, Dmitry"]
[Result "0-1"]
[WhiteElo "2632"]
[BlackElo "2371"]
[PlyCount "92"]
[EventDate "2013.10.05"]
[EventCountry "RUS"]

1. e4 c6 2. d4 d5 3. e5 c5 4. dxc5 Nc6 5. Bb5 e6 6. Qg4 h5 7. Qe2 Bxc5 8. Nf3
Bd7 9. c3 d4 10. O-O a6 11. Bd3 dxc3 12. Nxc3 Nd4 13. Nxd4 Bxd4 14. Bf4 Bxc3
15. bxc3 Bc6 16. Rfd1 Qd5 17. Qf1 Qc5 18. Bc2 Ne7 19. c4 b5 20. Bd3 bxc4 21.
Rac1 c3 22. Bxa6 Nd5 23. Bg5 Nb4 24. a3 Nxa6 25. Qxa6 O-O 26. Qe2 Rxa3 27. Qxh5
Qxe5 28. Qg4 Ra4 29. Qg3 Qxg3 30. hxg3 Rc4 31. Rd8 Rxd8 32. Bxd8 c2 33. Bg5 Ba4
34. Be3 Rc3 35. Ra1 Rd3 36. Kh2 Kh7 37. g4 Bb3 38. Kg3 Kg6 39. Kf3 Rd1 40. Rc1
Kf6 41. Ke4 e5 42. Kf3 Ke6 43. Ke2 Bc4+ 44. Kf3 Bd3 45. Kg3 Kd5 46. f3 Kc4 0-1

[Event "M.Chigorin Memorial 2013"]
[Site "St. Petersburg"]
[Date "2013.10.06"]
[Round "2.13"]
[White "Kozionov, Kirill"]
[Black "Volkov, Sergey"]
[Result "0-1"]
[WhiteElo "2368"]
[BlackElo "2628"]
[PlyCount "54"]
[EventDate "2013.10.05"]

1. e4 e6 2. d4 d5 3. Nd2 a6 4. Ngf3 c5 5. c3 Nc6 6. Bd3 cxd4 7. cxd4 Nb4 8. Bb1
dxe4 9. Nxe4 Nf6 10. Ne5 Be7 11. Ng5 O-O 12. O-O Bd7 13. Re1 Bc6 14. Re3 Qd5
15. Rg3 Rad8 16. Ngf3 Be8 17. a3 Nc6 18. Ba2 Qd6 19. Be3 Ne4 20. Rh3 f5 21. Qb3
f4 22. Qc2 fxe3 23. Qxe4 exf2+ 24. Kh1 g6 25. Qe3 Nxe5 26. Qxe5 Qxe5 27. dxe5
Bb5 0-1

[Event "M.Chigorin Memorial 2013"]
[Site "St. Petersburg"]
[Date "2013.10.06"]
[Round "2.15"]
[White "Usmanov, Vasily"]
[Black "Andriasian, Zaven"]
[Result "1/2-1/2"]
[WhiteElo "2366"]
[BlackElo "2621"]
[PlyCount "82"]
[EventDate "2013.10.05"]

1. Nf3 Nf6 2. d4 c5 3. d5 b5 4. Bg5 Qb6 5. Bxf6 Qxf6 6. c3 g6 7. e4 Qb6 8. Nbd2
d6 9. a4 bxa4 10. Nc4 Qc7 11. Qxa4+ Bd7 12. Qa5 Qxa5 13. Rxa5 a6 14. Bd3 Ra7
15. O-O Rb7 16. e5 h6 17. Re1 Kd8 18. Nfd2 Bb5 19. f4 Nd7 20. Be4 f5 21. Bc2
Rg8 22. Na3 Nb8 23. Nxb5 axb5 24. b4 cxb4 25. cxb4 e6 26. dxe6 dxe5 27. Rxe5
Bxb4 28. Raxb5 Rxb5 29. Rxb5 Nc6 30. Nf3 Kc7 31. Ne5 Bd6 32. Nxc6 Kxc6 33. Ba4
Kc7 34. Ra5 Rb8 35. g3 Kd8 36. Bc6 Ke7 37. Bd5 Rc8 38. Kg2 Rc2+ 39. Kh3 g5 40.
Ra2 Rxa2 41. Bxa2 gxf4 1/2-1/2

[Event "M.Chigorin Memorial 2013"]
[Site "St. Petersburg"]
[Date "2013.10.06"]
[Round "2.16"]
[White "Ponkratov, Pavel"]
[Black "Romanko, Marina"]
[Result "1-0"]
[WhiteElo "2618"]
[BlackElo "2359"]
[PlyCount "77"]
[EventDate "2013.10.05"]

1. e4 c6 2. d4 d5 3. e5 Bf5 4. Nf3 e6 5. Be2 Ne7 6. O-O Bg6 7. Nbd2 Nf5 8. c3
h6 9. g4 Ne7 10. Nh4 Bh7 11. f4 Nd7 12. Ndf3 Qb6 13. a4 a5 14. b3 c5 15. Be3
Nc6 16. f5 cxd4 17. cxd4 Ndxe5 18. Nxe5 Nxe5 19. fxe6 fxe6 20. Bb5+ Nc6 21. g5
O-O-O 22. g6 Be7 23. gxh7 Bxh4 24. b4 Bg5 25. Bxg5 hxg5 26. Bxc6 bxc6 27. bxa5
Qc7 28. Qd3 g6 29. Rab1 Qa7 30. Rb6 Rxh7 31. Rxc6+ Rc7 32. Ra6 Qb8 33. Rb6 Qa7
34. Qb5 Rg8 35. Rb1 Kd8 36. Rb8+ Ke7 37. Qb4+ Kf7 38. Rf1+ Kg7 39. Rff8 1-0

[Event "M.Chigorin Memorial 2013"]
[Site "St. Petersburg"]
[Date "2013.10.06"]
[Round "2.17"]
[White "Demianjuk, Alexander"]
[Black "Zhigalko, Andrey"]
[Result "0-1"]
[WhiteElo "2355"]
[BlackElo "2615"]
[PlyCount "50"]
[EventDate "2013.10.05"]

1. d4 Nf6 2. c4 e6 3. Nc3 Bb4 4. Qc2 O-O 5. Nf3 d6 6. Bd2 b6 7. a3 Bxc3 8. Bxc3
Bb7 9. e3 Ne4 10. Be2 Nd7 11. O-O f5 12. Rfd1 Rf6 13. d5 e5 14. Be1 Rg6 15. b4
Qe7 16. Nd2 Qg5 17. Bf1 Ndf6 18. Qb3 Qh5 19. g3 Ng5 20. f4 Nh3+ 21. Bxh3 Qxh3
22. fxe5 dxe5 23. e4 Ng4 24. Nf1 Rf8 25. Ra2 fxe4 0-1

[Event "M.Chigorin Memorial 2013"]
[Site "St. Petersburg"]
[Date "2013.10.06"]
[Round "2.18"]
[White "Kokarev, Dmitry"]
[Black "Savitskiy, Sergey"]
[Result "1-0"]
[WhiteElo "2611"]
[BlackElo "2354"]
[PlyCount "47"]
[EventDate "2013.10.05"]

1. e4 c5 2. Nf3 d6 3. d4 cxd4 4. Nxd4 Nf6 5. Nc3 e6 6. g4 a6 7. g5 Nfd7 8. Be3
Be7 9. h4 O-O 10. Rg1 Nc6 11. h5 Nde5 12. Be2 b5 13. h6 Nxd4 14. Qxd4 f6 15.
Nd5 Ng6 16. hxg7 Kxg7 17. Nxe7 Qxe7 18. O-O-O e5 19. Qb6 Qb7 20. Qxd6 f5 21.
Bh5 Qxe4 22. Bxg6 hxg6 23. Rge1 Bb7 24. f3 1-0

[Event "M.Chigorin Memorial 2013"]
[Site "St. Petersburg"]
[Date "2013.10.06"]
[Round "2.20"]
[White "Aleksandrov, Aleksej"]
[Black "Tologontegin, Semetey"]
[Result "1-0"]
[WhiteElo "2600"]
[BlackElo "2350"]
[PlyCount "89"]
[EventDate "2013.10.05"]

1. d4 d5 2. c4 e6 3. Nc3 a6 4. cxd5 exd5 5. Nf3 c6 6. Qc2 Bd6 7. Bg5 Be7 8. Bf4
Nf6 9. h3 O-O 10. e3 Bd6 11. Bxd6 Qxd6 12. Bd3 c5 13. dxc5 Qxc5 14. O-O Nc6 15.
Na4 Qxc2 16. Bxc2 Rd8 17. Rfd1 Be6 18. Ng5 Rac8 19. Nc5 Nb4 20. Ncxe6 fxe6 21.
Bb3 Re8 22. Rac1 Nc6 23. e4 Na5 24. Rxc8 Rxc8 25. e5 Nxb3 26. axb3 Nd7 27. Nxe6
Nxe5 28. Rxd5 Rc1+ 29. Kh2 Nc6 30. Rd7 Re1 31. Nxg7 Re2 32. f4 b5 33. Nh5 Rxb2
34. Nf6+ Kf8 35. Nxh7+ Ke8 36. Nf6+ Kf8 37. h4 Rxb3 38. h5 Rb4 39. Nd5 Re4 40.
h6 Re6 41. h7 Rh6+ 42. Kg3 Nd4 43. Ne3 Ne6 44. Nf5 Rh1 45. Nh4 1-0

[Event "M.Chigorin Memorial 2013"]
[Site "St. Petersburg"]
[Date "2013.10.06"]
[Round "2.21"]
[White "Mikhailov, Viacheslav"]
[Black "Hovhannisyan, Robert"]
[Result "1/2-1/2"]
[WhiteElo "2343"]
[BlackElo "2599"]
[PlyCount "96"]
[EventDate "2013.10.05"]

1. d4 Nf6 2. Nf3 e6 3. g3 b5 4. Bg2 d5 5. O-O Nbd7 6. Bf4 Be7 7. Ne5 Nxe5 8.
Bxe5 O-O 9. Qd3 Nd7 10. Bf4 c5 11. e4 c4 12. Qe2 Nb6 13. exd5 Nxd5 14. Be3 Bb7
15. Nc3 Nxc3 16. bxc3 Bxg2 17. Kxg2 Rb8 18. a4 Qd5+ 19. Qf3 b4 20. Qxd5 exd5
21. Bf4 Rbc8 22. Rfe1 Rfe8 23. Re5 Rcd8 24. Bd2 b3 25. cxb3 cxb3 26. Rb1 f6 27.
Re2 Rb8 28. Bf4 Rb6 29. Bc7 Rb7 30. Bd6 Kf7 31. Bxe7 Rexe7 32. Reb2 Kg6 33.
Rxb3 Rbc7 34. a5 a6 35. Ra3 Re2 36. Rb6 Ra7 37. h4 Rc2 38. Rd6 h5 39. Rxd5 Rb7
40. c4 Rbb2 41. Rf3 Rxc4 42. Rd6 Ra2 43. Rxa6 Rxd4 44. Rc3 Rd5 45. Ra7 Rb5 46.
a6 Rf5 47. Rf3 Rfa5 48. Rc3 Rxa6 1/2-1/2

[Event "M.Chigorin Memorial 2013"]
[Site "St. Petersburg"]
[Date "2013.10.06"]
[Round "2.22"]
[White "Burmakin, Vladimir"]
[Black "Biriukov, Oleg V"]
[Result "1-0"]
[WhiteElo "2581"]
[BlackElo "2328"]
[PlyCount "149"]
[EventDate "2013.10.05"]

1. d4 Nf6 2. Nf3 d5 3. Nbd2 Bf5 4. Nh4 Bc8 5. g3 e6 6. Bg2 c5 7. dxc5 Bxc5 8.
O-O Nc6 9. c4 O-O 10. cxd5 exd5 11. Nb3 Bb6 12. Bg5 h6 13. Bxf6 Qxf6 14. Qd2
Be6 15. Nf3 Rad8 16. Rac1 d4 17. Ne1 Rfe8 18. Nd3 Bxb3 19. axb3 Qe6 20. Bxc6
bxc6 21. Rfe1 Qxb3 22. Rxc6 Rc8 23. Rxc8 Rxc8 24. Rc1 Re8 25. Rc6 Qb5 26. Rc2
Qb3 27. Rc6 Qb5 28. Qc2 Qf5 29. Nf4 Qxc2 30. Rxc2 g6 31. Kf1 h5 32. h4 Rd8 33.
Ke1 Kg7 34. Rc6 Rd7 35. Nd3 Rd5 36. Kd2 Ba5+ 37. Kc2 Bb6 38. Kb3 Rd7 39. Kc2
Re7 40. Kd2 Ba5+ 41. Kd1 Bb6 42. Ke1 Rd7 43. Kf1 Re7 44. Nf4 Rd7 45. Kg2 Bc7
46. Nd3 Bb6 47. Kf3 Rd5 48. Ke4 Rd7 49. Ne1 Rb7 50. Rc2 Bd8 51. Nf3 Bf6 52.
Nxd4 a5 53. e3 a4 54. Kd3 Rb4 55. Kc3 Rb6 56. Kc4 Rb8 57. Rd2 Ra8 58. Nb5 Be7
59. Rd7 a3 60. bxa3 Bxa3 61. Nc7 Rc8 62. Kd5 Kg8 63. Ke4 Bb2 64. f4 Rb8 65. Nd5
Re8+ 66. Kf3 Ra8 67. e4 Ra3+ 68. Kg2 Ra2 69. Kh3 Bg7 70. Rd8+ Kh7 71. e5 Re2
72. Nc7 Rc2 73. Ne8 Kh6 74. Rd7 Rc8 75. Nd6 1-0

[Event "M.Chigorin Memorial 2013"]
[Site "St. Petersburg"]
[Date "2013.10.06"]
[Round "2.23"]
[White "David, Alberto"]
[Black "Duzhakov, Ilya"]
[Result "1/2-1/2"]
[WhiteElo "2574"]
[BlackElo "2326"]
[PlyCount "79"]
[EventDate "2013.10.05"]

1. Nf3 Nf6 2. c4 e6 3. g3 d5 4. Bg2 Be7 5. O-O O-O 6. b3 c5 7. e3 Nc6 8. Bb2 b6
9. Nc3 Ba6 10. d3 Rc8 11. Qe2 Bb7 12. Rfd1 Qd7 13. cxd5 Nxd5 14. Ne4 Rfd8 15.
a3 Qe8 16. Rac1 Rd7 17. Ba1 Qd8 18. h4 Nf6 19. Nxf6+ Bxf6 20. Bxf6 Qxf6 21. d4
cxd4 22. Nxd4 Nxd4 23. Rxc8+ Bxc8 24. Qc4 Nc6 25. Rxd7 Qa1+ 26. Kh2 Bxd7 27.
Bxc6 Bxc6 28. Qxc6 Qxa3 29. Qa8+ Qf8 30. Qxa7 b5 31. b4 Qxb4 32. Qb8+ Qf8 33.
Qxb5 h6 34. Qd7 Qa8 35. Kg1 Qa1+ 36. Kh2 Qa8 37. Kg1 Qa1+ 38. Kh2 Qa8 39. Kg1
Qa1+ 40. Kh2 1/2-1/2

[Event "M.Chigorin Memorial 2013"]
[Site "St. Petersburg"]
[Date "2013.10.06"]
[Round "2.24"]
[White "Kostin, Konstantin"]
[Black "Epishin, Vladimir"]
[Result "1/2-1/2"]
[WhiteElo "2337"]
[BlackElo "2572"]
[PlyCount "102"]
[EventDate "2013.10.05"]

1. b3 g6 2. Bb2 Nf6 3. Bxf6 exf6 4. c4 f5 5. Nc3 d6 6. g3 Nd7 7. Bg2 h5 8. h4
Bg7 9. Nh3 O-O 10. Qc2 Rb8 11. Rc1 Ne5 12. e3 Bd7 13. O-O Ng4 14. Nd5 c6 15.
Nc3 Re8 16. Rfe1 a6 17. Ne2 Qe7 18. Qb1 Qf8 19. Nef4 Re7 20. Qd3 Re5 21. Ng5
Bf6 22. Nf3 Ree8 23. Nh2 Rbd8 24. Qb1 Be5 25. Nd3 Qe7 26. Nxe5 dxe5 27. d4 exd4
28. exd4 Qf6 29. Nxg4 hxg4 30. Rxe8+ Rxe8 31. Qd3 f4 32. Qd2 f3 33. Bf1 Kg7 34.
Rd1 Qd6 35. Qc3 f6 36. Re1 Rxe1 37. Qxe1 Be6 38. c5 Qd7 39. Qe3 Bf7 40. Bd3 a5
41. Qe4 Qe6 42. Qxe6 Bxe6 43. Bc4 Bd7 44. Kf1 f5 45. Ke1 Kh6 46. Kd2 f4 47. Bf7
Kg7 48. Bc4 Kh6 49. Bf7 Kg7 50. Bc4 Kh6 51. Bf7 Kg7 1/2-1/2

[Event "M.Chigorin Memorial 2013"]
[Site "St. Petersburg"]
[Date "2013.10.06"]
[Round "2.25"]
[White "Al-Modiahki, Mohamad"]
[Black "Kigel, Dmytro"]
[Result "1-0"]
[WhiteElo "2568"]
[BlackElo "2320"]
[PlyCount "81"]
[EventDate "2013.10.05"]

1. e4 e5 2. Nf3 Nc6 3. Bb5 a6 4. Ba4 Nf6 5. O-O Be7 6. Re1 b5 7. Bb3 d6 8. c3
O-O 9. h3 Na5 10. Bc2 c5 11. d4 Qc7 12. Nbd2 Rd8 13. b3 Bd7 14. Bb2 Rac8 15.
Rc1 Nc6 16. d5 Na5 17. Bd3 Nh5 18. Bf1 Nf4 19. Kh2 f5 20. g3 Ng6 21. exf5 Bxf5
22. Ne4 Qb6 23. Nfd2 Rf8 24. Qe2 c4 25. b4 Nb7 26. Bg2 Bd8 27. a4 Ne7 28. a5
Qa7 29. Rcd1 Kh8 30. Nf3 h6 31. Bc1 Qb8 32. Nh4 Bh7 33. f4 exf4 34. Bxf4 g5 35.
Bxg5 hxg5 36. Nxg5 Nf5 37. Nxh7 Bxh4 38. gxh4 Kxh7 39. Be4 Qa7 40. Qh5+ Kg8 41.
Rg1+ 1-0

[Event "M.Chigorin Memorial 2013"]
[Site "St. Petersburg"]
[Date "2013.10.06"]
[Round "2.26"]
[White "Belous, Vladimir"]
[Black "Donskov, Anatoly"]
[Result "1-0"]
[WhiteElo "2554"]
[BlackElo "2317"]
[PlyCount "119"]
[EventDate "2013.10.05"]

1. Nf3 d5 2. c4 e6 3. g3 c6 4. b3 f5 5. Bb2 Nf6 6. Bg2 Bd6 7. O-O O-O 8. d3
Nbd7 9. Nbd2 e5 10. cxd5 cxd5 11. e4 fxe4 12. dxe4 d4 13. Nc4 Qe7 14. a4 Bb4
15. Qc2 a5 16. Ng5 Nh5 17. Nf3 Ra6 18. Bc1 Nhf6 19. Bg5 Qe8 20. Bd2 Bxd2 21.
Nfxd2 Rc6 22. Qa2 b6 23. f4 Ng4 24. b4 Kh8 25. fxe5 Ndxe5 26. Nxe5 Rxf1+ 27.
Rxf1 Nxe5 28. Qd5 h6 29. Qxd4 Qe7 30. b5 Rd6 31. Qc3 Rd8 32. h3 Bb7 33. Rf5 Re8
34. Kh2 Kh7 35. Qd4 Nd7 36. Rf1 Nc5 37. Nc4 Rd8 38. Qf2 Nxa4 39. Nxb6 Nxb6 40.
Qxb6 Rd2 41. Rf2 Rxf2 42. Qxf2 a4 43. Qc2 a3 44. e5+ Kh8 45. Bc6 Bc8 46. b6
Qxe5 47. b7 Qb8 48. bxc8=Q+ Qxc8 49. Qa4 Qf8 50. Kg2 Qe7 51. Qc4 Qe5 52. Qa2
Qc3 53. Bd5 Qd4 54. Bb3 Qc3 55. Bc4 Qe3 56. Qb3 Qe4+ 57. Kh2 Qd4 58. Qb8+ Kh7
59. Qg8+ Kg6 60. Qe8+ 1-0